[Event "Pobeskydi Open 2012"]
[Site "Frydek Mistek CZE"]
[Date "2012.04.08"]
[Round "8"]
[White "Motycakova,M"]
[Black "Rabatin,J"]
[Result "0-1"]
[WhiteElo "2087"]
[BlackElo "2159"]

1.e4 c5 2.Nf3 Nc6 3.d4 cxd4 4.Nxd4 Nf6 5.Nc3 d6 6.Bg5 e6 7.Qd2 h6 8.Bxf6 gxf6
9.O-O-O a6 10.f4 Bd7 11.Be2 h5 12.Kb1 Qc7 13.Rhe1 O-O-O 14.Nxc6 Bxc6 15.Qd4 Be7
16.Bc4 Kb8 17.f5 Bd7 18.Bb3 Rdg8 19.Qf2 Qa5 20.Ne2 Qe5 21.Nf4 Rg4 22.g3 h4
23.Bd5 hxg3 24.Qb6 exd5 25.Nd3 Bd8 26.Nxe5 Bxb6 27.Nxd7+ Ka7 28.Nxb6 Kxb6
29.hxg3 Rxe4 30.Rxe4 dxe4 31.Rxd6+ Kc5 32.Rd1 Rh3 33.Rg1 Kd4 34.c3+ Ke3 35.Re1+ Kd2  0-1

[Event "IV ch-IberoAmerican GpC"]
[Site "Quito ECU"]
[Date "2012.04.15"]
[Round "2.1"]
[White "Zambrana,O"]
[Black "Leon Hoyos,M"]
[Result "1-0"]
[WhiteElo "2492"]
[BlackElo "2569"]

1.e4 c5 2.Nf3 d6 3.d4 cxd4 4.Nxd4 Nf6 5.Nc3 Nc6 6.Bg5 e6 7.Qd2 Be7 8.O-O-O a6
9.Bxf6 gxf6 10.f4 Bd7 11.Kb1 Qc7 12.Nxc6 Qxc6 13.Be2 Qc5 14.Bf3 O-O-O 15.Ne2 Kb8
16.Nd4 Rc8 17.Rhe1 Rc7 18.Re3 Rhc8 19.Rc3 Qb6 20.Rxc7 Qxc7 21.c3 Qa5 22.f5 Bf8
23.Re1 Rc7 24.Bg4 Qe5 25.Qf2 Bh6 26.g3 Bc8 27.Re2 Rc4 28.a3 Rc7 29.Qg2 Bg5
30.Qh3 Rc4 31.Qxh7 Rxd4 32.cxd4 Qxd4 33.Rc2 Qxe4 34.Qg8 Ka7 35.Qxc8 Qxg4
36.Qc4 Qd1+ 37.Ka2 Be3 38.Rc3 d5 39.Qb4 Bb6 40.Rb3 Qd4 41.h4 Qxb4 42.axb4 Bd8
43.h5 Be7 44.h6 Bf8 45.h7 Bg7 46.Rd3 Kb8 47.Rd4 exf5 48.Rxd5 Kc7 49.Rxf5 Kd6
50.Kb3 b6 51.b5  1-0

[Event "TCh-SUI National A 2012"]
[Site "Switzerland SUI"]
[Date "2012.04.15"]
[Round "2.5"]
[White "Heimann,An"]
[Black "Aranovitch,E"]
[Result "1/2-1/2"]
[WhiteElo "2480"]
[BlackElo "2332"]

1.e4 c5 2.Nf3 d6 3.d4 cxd4 4.Nxd4 Nf6 5.Nc3 Nc6 6.Bg5 e6 7.Qd2 Be7 8.O-O-O Nxd4
9.Qxd4 O-O 10.f4 Qa5 11.Kb1 Rd8 12.Bd3 h6 13.h4 Qb6 14.Qxb6 axb6 15.e5 dxe5
16.fxe5 hxg5 17.exf6 Bxf6 18.Ne4 Be5 19.hxg5 Bd7 20.g6 f6 21.Bc4 Kf8 22.Nf2 Bc6
23.Nd3 Bxg2 24.Rh8+ Ke7 25.Rh7 Rg8 26.Re1 Rad8 27.b3 Bd5 28.Nxe5 fxe5 29.Bd3 e4
30.Bxe4 Bxe4 31.Rxe4 Kf6 32.Rh1 Rd5 33.Rf1+ Rf5 34.Rd1 Re8 35.Rd6 b5 36.Rb6 Re7
37.Kb2 Kxg6 38.Rbxe6+ Rxe6 39.Rxe6+ Kh5 40.Re7 g5 41.Rh7+ Kg4 42.Rxb7 Kf3
43.a4 bxa4 44.bxa4 g4 45.Rg7 g3 46.Kb3 g2 47.c4 Rf4 48.Rxg2 Kxg2 49.Kb4 Kf3
50.a5 Ke4 51.a6 Kd4 52.a7 Rf1 53.Kb5 Ra1 54.Kb6 Kxc4 55.Kb7 Kb5 56.a8=Q Rxa8
57.Kxa8  1/2-1/2

[Event "14th Dubai Open 2012"]
[Site "Dubai UAE"]
[Date "2012.04.19"]
[Round "5.22"]
[White "Karthikeyan,M2"]
[Black "Evdokimov,Alexa"]
[Result "0-1"]
[WhiteElo "2306"]
[BlackElo "2555"]

1.e4 c5 2.Nf3 d6 3.d4 cxd4 4.Nxd4 Nf6 5.Nc3 Nc6 6.Bg5 e6 7.Qd2 a6 8.O-O-O Bd7
9.f3 Be7 10.g4 b5 11.Be3 Nxd4 12.Bxd4 e5 13.Be3 b4 14.Ne2 Qa5 15.Kb1 Be6
16.Nc1 O-O 17.g5 Nh5 18.h4 Ng3 19.Rg1 Nxf1 20.Rgxf1 d5 21.Nb3 Qb5 22.exd5 Rad8
23.Qd3 Rxd5 24.Qxb5 Rxb5 25.f4 f6 26.gxf6 Rxf6 27.fxe5 Rxf1 28.Rxf1 Rxe5
29.Bf2 g6 30.Nd4 Bd5 31.Re1 Rxe1+ 32.Bxe1 Kg7 33.c3 Be4+ 34.Kc1 bxc3 35.bxc3 Kh6
36.Ne2 Ba3+ 37.Kd2 Bb1 38.Nc1 Kh5 39.c4 Bb4+ 40.Ke2 Bxe1 41.Kxe1 Kxh4 42.c5 Be4
43.Kf2 Kg4 44.Ne2 Bd5 45.Nc3 Ba8 46.a4 Kf4 47.a5 Ke5 48.Ke3 Bb7 49.Ne2 Kd5
50.Nf4+ Kxc5 51.Ne6+ Kb4 52.Nf8 h5 53.Nxg6 Kxa5 54.Kd2 Kb4 55.Kc1 Kc3 56.Nf4 h4
57.Kb1 Kd4 58.Kb2 Ke3 59.Nh3 Bc8 60.Ng5 Kf4  0-1

[Event "14th Dubai Open 2012"]
[Site "Dubai UAE"]
[Date "2012.04.19"]
[Round "5.10"]
[White "Narayanan,Sri"]
[Black "Gupta,Ab"]
[Result "0-1"]
[WhiteElo "2378"]
[BlackElo "2643"]

1.e4 c5 2.Nf3 d6 3.d4 cxd4 4.Nxd4 Nf6 5.Nc3 Nc6 6.Bg5 e6 7.Qd2 a6 8.O-O-O Bd7
9.f3 Be7 10.Be3 O-O 11.g4 Nxd4 12.Qxd4 Bc6 13.Kb1 b5 14.Qd2 Nd7 15.Ne2 Bb7
16.Nd4 d5 17.f4 b4 18.e5 a5 19.Bd3 a4 20.h4 b3 21.a3 bxc2+ 22.Bxc2 Nb6 23.Qd3 g6
24.h5 Ba6 25.Qc3 Nc4 26.hxg6 fxg6 27.Bc1 Qb6 28.Ka1 Bc5 29.f5 Bxd4 30.Rxd4 Rac8
31.fxg6 Rc7 32.gxh7+ Kh8 33.Rf4 Rxf4 34.Bxf4 d4 35.Qb4 Qxb4 36.axb4 Rf7 37.Bg3 Ne3
38.Bg6 Rg7 39.Be4 d3 40.Bh4 d2 41.Bf6 d1=Q+ 42.Rxd1 Nxd1 43.Bc6 Bd3 44.Bd7 Bc4
45.b5 Ne3 46.b6 Nc2+ 47.Kb1 Nb4 48.b7 Na6 49.Kc2 Bd5 50.Kc3 Kxh7 51.Bxg7 Kxg7
52.Kd4 Kg6 53.Bc8 Kg5 54.Bd7 Kxg4 55.Bxa4 Bxb7 56.Kc4 Kf5 57.Kb5 Kxe5 58.Kb6 Kd6
59.b4 Bc8 60.b5 Nc5  0-1

[Event "IV ch-IberoAmerican Final GpC"]
[Site "Quito ECU"]
[Date "2012.04.19"]
[Round "2.1"]
[White "Zambrana,O"]
[Black "Morovic Fernandez,I"]
[Result "1/2-1/2"]
[WhiteElo "2492"]
[BlackElo "2577"]

1.e4 c5 2.Nf3 d6 3.d4 cxd4 4.Nxd4 Nf6 5.Nc3 Nc6 6.Bg5 e6 7.Qd2 Be7 8.O-O-O a6
9.Bxf6 gxf6 10.f4 Nxd4 11.Qxd4 b5 12.e5 d5 13.Be2 Bb7 14.f5 fxe5 15.Qxe5 Bf6
16.Qg3 Qb8 17.fxe6 Qxg3 18.exf7+ Kf8 19.hxg3 d4 20.Nb1 Bxg2 21.Rh2 Be4 22.Nd2 Bg6
23.Rf1 Kg7 24.Bh5 Raf8 25.Bxg6 Kxg6 26.Rhf2 Rxf7 27.Kd1 Rhf8 28.g4 Be5 29.Rxf7 Rxf7
30.Rxf7 Kxf7 31.Ne4 a5 32.Ke2 h6 33.Nc5 a4  1/2-1/2

[Event "Belgrade Cup Final 2012"]
[Site "Belgrade SRB"]
[Date "2012.04.20"]
[Round "3.1"]
[White "Carnic,D"]
[Black "Dimic,P"]
[Result "1/2-1/2"]
[WhiteElo "2094"]
[BlackElo "2071"]

1.e4 c5 2.Nf3 Nc6 3.d4 cxd4 4.Nxd4 Nf6 5.Nc3 d6 6.Bg5 e6 7.Qd2 a6 8.O-O-O Bd7
9.f3 Be7 10.Kb1 Qc7 11.h4 h6 12.Be3 h5 13.Nxc6 Bxc6 14.Qd4 b5 15.Qb6 Qxb6
16.Bxb6 b4 17.Ne2 d5 18.exd5 Nxd5 19.Bd4 f6 20.c4 bxc3 21.Nxc3 Nxc3+ 22.Bxc3 Bd5
23.Bd3 Kf7 24.Rhe1  1/2-1/2

[Event "14th Dubai Open 2012"]
[Site "Dubai UAE"]
[Date "2012.04.21"]
[Round "6.10"]
[White "Atabayev,Y"]
[Black "Miroshnichenko,E"]
[Result "0-1"]
[WhiteElo "2404"]
[BlackElo "2624"]

1.e4 c5 2.Nf3 d6 3.d4 cxd4 4.Nxd4 Nf6 5.Nc3 Nc6 6.Bg5 Qb6 7.Nb3 e6 8.Qd2 a6
9.f3 Be7 10.O-O-O O-O 11.g4 Qc7 12.Be3 b5 13.g5 Nd7 14.h4 Nce5 15.f4 b4 16.Na4 Nc4
17.Bxc4 Qxc4 18.f5 exf5 19.exf5 Re8 20.f6 Bf8 21.h5 Bb7 22.Rh2 Rac8 23.Nb6 Nxb6
24.Bxb6 Be4 25.Kb1 Qb5 26.Qd4 g6 27.hxg6 Bxg6 28.Rc1 Re4 29.Qg1 a5 30.Bxa5 Ra8
31.Qb6 Qa4 32.Rch1 Re5 33.Rxh7 Bxh7 34.Rxh7 Re1+ 35.Nc1 Qxa5  0-1

[Event "3rd LUC Open"]
[Site "Lille FRA"]
[Date "2012.04.25"]
[Round "3.10"]
[White "Satyapragyan,S"]
[Black "Griffon,O"]
[Result "1-0"]
[WhiteElo "2432"]
[BlackElo "1885"]

1.e4 c5 2.Nf3 Nc6 3.d4 cxd4 4.Nxd4 Nf6 5.Nc3 d6 6.Bg5 e6 7.Qd2 a6 8.O-O-O h6
9.Be3 Be7 10.f3 Nxd4 11.Bxd4 e5 12.Be3 Qa5 13.Qf2 Qc7 14.Kb1 b5 15.g4 Be6
16.h4 h5 17.g5 Nd7 18.g6 Nf6 19.gxf7+ Kxf7 20.Bh3 Rac8 21.Bxe6+ Kxe6 22.Rhg1 Kf7
23.Qg2 Rh7 24.Qg6+ Kg8 25.Rg2 Qc4 26.Qf5 Rf8 27.Qh3 a5 28.Bg5 a4 29.Ne2 b4
30.Ng3 b3 31.a3 bxc2+ 32.Rxc2 Qb3 33.Nf5 g6 34.Ne3 Ne8 35.Rc3 Qb5 36.Qe6+  1-0

[Event "3rd LUC Open"]
[Site "Lille FRA"]
[Date "2012.04.25"]
[Round "4.9"]
[White "Zhigalko,A"]
[Black "Loiseau,Q"]
[Result "1-0"]
[WhiteElo "2590"]
[BlackElo "2273"]

1.e4 c5 2.Nf3 d6 3.d4 cxd4 4.Nxd4 Nf6 5.Nc3 Nc6 6.Bg5 Bd7 7.Qd2 Rc8 8.f3 Nxd4
9.Qxd4 Qa5 10.h4 e6 11.O-O-O Be7 12.Be3 a6 13.g4 e5 14.Qd2 Be6 15.g5 Nd7
16.a3 Nb6 17.Kb1 Nc4 18.Bxc4 Rxc4 19.f4 Rxc3 20.Qxc3 Qxc3 21.bxc3 Bg4 22.Rd2 O-O
23.Kb2 Rc8 24.fxe5 dxe5 25.Rd5 Be6 26.Rxe5 Bxa3+ 27.Kxa3 Rxc3+ 28.Kb4 Rxe3
29.Rd1 Kf8 30.Rd6 Ke7 31.Rb6 Kd7 32.Rxb7+ Kd6 33.Ra5 Rxe4+ 34.Kc3 Rxh4 35.Rxa6+ Kc5
36.Rc7+ Kb5 37.Rac6 Rg4 38.Rc5+ Kb6 39.R7c6+ Kb7 40.Rc7+ Kb6 41.R7c6+ Kb7
42.Rd6 h6 43.gxh6 gxh6 44.Rd4 Rg5 45.Rb4+ Ka6 46.Rbb5 Rg1 47.Rb8 Ka7 48.Rb4 Rg5
49.Rbb5 Rg1 50.Rh5 Rg6 51.Rh1 Bg4 52.Kb4 h5 53.Ra1+ Ra6 54.Re1 Re6 55.Rxe6 fxe6
56.Rg5 Bf5 57.c4 h4 58.Kb5 h3 59.Rg7+ Kb8 60.Kb6 Kc8 61.c5 e5 62.c6 Kd8 63.Rg5 Be4
64.c7+  1-0

[Event "Russian Juniors 2012"]
[Site "Sochi RUS"]
[Date "2012.04.25"]
[Round "8"]
[White "Stukopin,A"]
[Black "Bukavshin,I"]
[Result "1-0"]
[WhiteElo "2485"]
[BlackElo "2504"]

1.e4 c5 2.Nf3 d6 3.d4 cxd4 4.Nxd4 Nf6 5.Nc3 Nc6 6.Bg5 e6 7.Qd2 a6 8.O-O-O Be7
9.f3 Nxd4 10.Qxd4 O-O 11.h4 b5 12.Qd2 Bb7 13.Ne2 Rc8 14.Nd4 Nd7 15.Kb1 Ne5
16.Qe3 Qc7 17.Bxe7 Qxe7 18.g4 Qc7 19.h5 d5 20.Bd3 dxe4 21.Bxe4 Nc4 22.Qe1 Rfd8
23.Bxb7 Qxb7 24.h6 Qe7 25.hxg7 Qf6 26.c3 Qxg7 27.a3 Rd5 28.Qh4 Rcd8 29.Ka2 R8d7
30.Rh2 Qg6 31.Rdh1 f6 32.Qe1 Re5 33.Qf2 Qd3 34.g5 fxg5 35.f4 Rf7 36.Qg2 Rd5
37.fxg5 Rg7 38.Nxe6 Nd2 39.Rh4 Re7 40.g6 h5 41.Rxh5 Qc4+ 42.Ka1 Nb3+ 43.Kb1 Nd2+
44.Qxd2 Qe4+ 45.Ka2 Qxh1 46.Qh6  1-0

[Event "3rd LUC Open"]
[Site "Lille FRA"]
[Date "2012.04.27"]
[Round "6.3"]
[White "Zhigalko,A"]
[Black "Lagarde,Max"]
[Result "1/2-1/2"]
[WhiteElo "2590"]
[BlackElo "2488"]

1.e4 c5 2.Nf3 d6 3.d4 cxd4 4.Nxd4 Nf6 5.Nc3 Nc6 6.Bg5 Qb6 7.Nb3 e6 8.Bf4 Ne5
9.Be3 Qc7 10.f4 Nc4 11.Nb5 Qc6 12.Bxc4 Qxc4 13.Qd3 Qc6 14.Na5 Qd7 15.O-O-O d5
16.exd5 Bb4 17.Nb3 Nxd5 18.Bxa7 O-O 19.c4 b6 20.cxd5 Ba6 21.a4 Qxa7  1/2-1/2

[Event "TCh-AUT 2 Ost 2011-12"]
[Site "Bruck AUT"]
[Date "2012.04.28"]
[Round "10"]
[White "Szabo,Krisz1"]
[Black "Videki,S"]
[Result "1-0"]
[WhiteElo "2546"]
[BlackElo "2441"]

1.e4 c5 2.Nf3 Nc6 3.d4 cxd4 4.Nxd4 Nf6 5.Nc3 d6 6.Bg5 Bd7 7.Qd2 Rc8 8.f3 a6
9.O-O-O Nxd4 10.Qxd4 Qa5 11.h4 h6 12.Be3 h5 13.Kb1 e6 14.Bg5 Be7 15.Qd2 b5
16.Bd3 Bc6 17.Rhe1 Bb7 18.a3 Qb6 19.Ne2 e5 20.Ng3 g6 21.Nf1 Nd7 22.Be3 Qc7
23.Bf2 Nc5 24.Ne3 Kf8 25.Bf1 Kg7 26.Nd5 Bxd5 27.Qxd5 Na4 28.Qb3 Nb6 29.g3 Rb8
30.c3 Nc4 31.Rd5 Rb7 32.Red1 Rhb8 33.Be2 Rh8 34.Rc1 Rhb8 35.Ka2 a5 36.g4 a4
37.Qc2 hxg4 38.fxg4 Rh8 39.Rh1 Bg5 40.Rh3 Bf4 41.Qd3 Bc1 42.Rh1 Bxb2 43.Rb1 Rc8
44.h5 Bxa3 45.hxg6 fxg6 46.Rh1 Rh8 47.Rxh8 Kxh8 48.Qh3+ Kg8 49.g5 Qf7 50.Bg1 Bc5
51.Bxc5 dxc5 52.Rd8+  1-0

[Event "TCh-AUT 2 Mitte 2011-12"]
[Site "Fuerstenfeld AUT"]
[Date "2012.04.28"]
[Round "10"]
[White "Feher,Ad"]
[Black "Wertjanz,Dav"]
[Result "1-0"]
[WhiteElo "2342"]
[BlackElo "2257"]

1.e4 c5 2.Nf3 d6 3.d4 cxd4 4.Nxd4 Nf6 5.Nc3 Nc6 6.Bg5 Bd7 7.Be2 Qa5 8.Bxf6 gxf6
9.O-O Nxd4 10.Qxd4 Rc8 11.a4 a6 12.Nd5 Qc5 13.Qd2 Qxc2 14.Qe3 Bh6 15.Qxh6 Qxe2
16.Qg7 Rf8 17.Rac1 Bc6 18.b4 h5 19.h3 Rd8 20.Rfe1 Qb2 21.b5 axb5 22.axb5 Bxd5
23.exd5 Kd7 24.Qh7 Rde8 25.Qf5+ e6 26.dxe6+ Rxe6 27.Rxe6 fxe6 28.Qh7+ Kd8
29.Rc7 Qa1+ 30.Kh2  1-0

[Event "NK Jeugd A 2012"]
[Site "Haarlem NED"]
[Date "2012.04.28"]
[Round "1.2"]
[White "Haast,A"]
[Black "Van Osch,Mees"]
[Result "1/2-1/2"]
[WhiteElo "2282"]
[BlackElo "2013"]

1.e4 c5 2.Nf3 d6 3.d4 cxd4 4.Nxd4 Nf6 5.Nc3 Nc6 6.Bg5 Bd7 7.Be2 Qa5 8.Bxf6 gxf6
9.O-O Nxd4 10.Qxd4 Rc8 11.a4 Qc5 12.Qd2 a6 13.Kh1 Rg8 14.f4 Bh6 15.Qe1 Qb4
16.Bd3 Rg4 17.h3 Rxf4 18.Qg3 Rxf1+ 19.Rxf1 Be6 20.Qg8+ Kd7 21.Qxh7 Bd2 22.Nd5 Qxb2
23.c3 Bxd5 24.exd5 Rxc3 25.Bf5+ Kc7 26.Qxf7 Rc1 27.Qxe7+ Kb8 28.Qxd6+ Ka7
29.Bd3 Qa1 30.Qc5+ Rxc5 31.Rxa1 Rxd5 32.Be4 Re5 33.Bf3 Re1+ 34.Rxe1 Bxe1
35.Kh2 b5 36.axb5 axb5 37.g3 Kb6 38.h4 Kc5 39.Kh3 Kd6 40.Kg4 Ke7 41.h5 Kf7
42.Kf4 Kg7 43.g4 Bd2+ 44.Kf5 b4 45.Bd5 Bc1 46.Bc4  1/2-1/2

[Event "Ostravsky Konik A"]
[Site "Ostrava CZE"]
[Date "2012.04.28"]
[Round "1.18"]
[White "Zemlicka,V"]
[Black "Hladik,O"]
[Result "0-1"]
[WhiteElo "1998"]
[BlackElo "2207"]

1.e4 c5 2.Nf3 Nc6 3.d4 cxd4 4.Nxd4 Nf6 5.Nc3 d6 6.Bg5 Bd7 7.Qd2 Rc8 8.f3 Nxd4
9.Qxd4 Qa5 10.Be3 a6 11.g4 h6 12.O-O-O g6 13.Kb1 Bg7 14.Nd5 Be6 15.Qd2 Qa4
16.Bd4 Nxd5 17.exd5 Bxd5 18.c4 e5 19.b3 Qd7 20.cxd5 exd4 21.Re1+ Kd8 22.Bd3 Re8
23.h4 Rc5 24.h5 g5 25.Bf5 Rxe1+ 26.Rxe1 Qc7 27.Qe2 Be5 28.Be4 Bf4 29.Bc2 Be3
30.Qd3 Qa5 31.Rxe3 dxe3 32.Qxe3 Rxd5 33.Qe4 Qc5 34.Kb2 Qd4+ 35.Qxd4 Rxd4
36.Kc3 Rd5 37.Be4 Rc5+ 38.Kd4 b6 39.a4 Rc1 40.b4 Ra1 41.Bc2 Ra3 42.Bd1 Ke7  0-1

[Event "MMM Open 2012"]
[Site "Krakow POL"]
[Date "2012.04.29"]
[Round "1.9"]
[White "Byrka,J"]
[Black "Watorek,M"]
[Result "1/2-1/2"]
[WhiteElo "1959"]
[BlackElo "2178"]

1.e4 c5 2.Nf3 d6 3.d4 cxd4 4.Nxd4 Nf6 5.Nc3 Nc6 6.Bg5 e6 7.Qd2 a6 8.f3 Be7
9.Be3 O-O 10.O-O-O Qc7 11.g4 b5 12.Nxc6 Qxc6 13.h4 Bb7 14.h5 Nd7 15.Ne2 Ne5
16.Nd4 Qc7 17.Kb1 Rac8 18.Rg1 d5 19.exd5 Bxd5 20.f4 Nc4 21.Bxc4 bxc4 22.c3 Be4+
23.Ka1 Rb8 24.g5 a5 25.g6 Bf6 26.gxf7+ Qxf7 27.Qe2 Bd3 28.Qg2 a4 29.a3 Rfc8
30.Rd2 Rc7 31.Qg4 Rb6 32.Nf3 Rb5 33.Ng5 Bxg5 34.fxg5 Rcb7 35.g6 Qe7 36.Bg5 Qd6
37.Bf4 Qe7 38.Bg5 Qd6 39.Bf4 Qe7 40.Bg5 Qe8  1/2-1/2

[Event "TCh-SUI National A 2012"]
[Site "Switzerland SUI"]
[Date "2012.04.29"]
[Round "3.6"]
[White "Gloor,R"]
[Black "Aranovitch,E"]
[Result "1/2-1/2"]
[WhiteElo "2249"]
[BlackElo "2332"]

1.e4 c5 2.Nf3 d6 3.d4 cxd4 4.Nxd4 Nf6 5.Nc3 Nc6 6.Bg5 e6 7.Qd2 Be7 8.O-O-O Nxd4
9.Qxd4 O-O 10.f4 Qa5 11.Bc4 Rd8 12.Rhf1 Bd7 13.f5 Rac8 14.Bb3 a6 15.Kb1 Qc5
16.Bxf6 Bxf6 17.Qxd6 Qa5 18.Qf4 Rxc3 19.fxe6 Rxb3 20.exf7+ Kxf7 21.axb3 Bb5
22.Rxd8 Qxd8 23.e5 Bxf1 24.Qxf1 Qd2 25.exf6 gxf6 26.Qc4+ Kg7 27.Qg4+ Kh6
28.Qe4 b5 29.b4 Qf2 30.Qf3 Qe1+ 31.Ka2 Qe6+ 32.b3 f5 33.h4 Kg7 34.Qg3+ Kf7
35.Qf4 Kg6 36.g3 h6 37.Qf3 Qd7 38.Qd3 Qxd3 39.cxd3 f4 40.gxf4 Kf5 41.Kb2 Kxf4
42.Kc3 Ke5 43.d4+ Ke4 44.h5 Kf5 45.Kd3 Kf4 46.d5 Ke5 47.d6 Kxd6 48.Kd4 Ke6
49.Kc5 Kf5 50.Kb6 Kg5 51.Kxa6 Kxh5 52.Kxb5 Kg5 53.Kc5 h5 54.b5 h4 55.b6 h3
56.b7 h2 57.b8=Q h1=Q 58.Qg8+ Kf6 59.b4 Ke7 60.Qg7+ Ke8 61.Qg6+ Kf8 62.Qf6+ Kg8
63.Qg5+ Kf8 64.b5 Qa1 65.Qd8+ Kf7 66.Qd7+ Kf8 67.b6 Qa5+ 68.Kc6 Qa6 69.Kc7 Qa5
70.Qd6+ Ke8 71.Kb8 Qa4 72.b7 Qb5 73.Qe6+ Kd8 74.Ka7 Qxb7+  1/2-1/2

[Event "MMM Open 2012"]
[Site "Krakow POL"]
[Date "2012.05.02"]
[Round "4.7"]
[White "Jablonska,S"]
[Black "Watorek,M"]
[Result "1/2-1/2"]
[WhiteElo "1960"]
[BlackElo "2178"]

1.e4 c5 2.Nf3 d6 3.d4 cxd4 4.Nxd4 Nf6 5.Nc3 Nc6 6.Bg5 e6 7.Qd2 a6 8.O-O-O Bd7
9.f3 Be7 10.h4 O-O 11.g4 b5 12.Nxc6 Bxc6 13.Bd3 b4 14.Ne2 a5 15.Nd4 Bb7 16.Kb1 Rc8
17.Be3 Nd7 18.g5 Ne5 19.h5 Nc4 20.Bxc4 Rxc4 21.g6 Qc8 22.Qh2 h6 23.Rhg1 f5
24.exf5 e5 25.Nb3 Bxf3 26.Nxa5 Rh4 27.Qd2 Bxd1 28.Qxd1 Qxf5 29.Nc6 Bf6 30.Qd5+ Kh8
31.Qxd6 Rc8 32.Rc1 Qe4 33.Na7 Rd8 34.Qb6 Rxh5 35.Nc6 Rc8 36.Nxb4 Rh1 37.a4 Rxc1+
38.Bxc1 Be7 39.Qe6 Rc7 40.Qf7 Qc4 41.Qe8+ Qg8 42.Qb5 Qc8 43.c3 Rc5 44.Qf1 e4
45.Bxh6 Qf8 46.Qxf8+ Bxf8 47.Be3 Rh5 48.Nc2 Bc5 49.b4 Bxe3 50.Nxe3 Rh3 51.Nd5 Rd3
52.c4 Rd4 53.Ne3 Rd3 54.Nd5 Rd4 55.Ne3 Rd3 56.Nd5 Rd4 57.b5 Rxc4 58.b6 Rc8
59.a5 e3 60.Nxe3 Rc5  1/2-1/2

[Event "MMM Open 2012"]
[Site "Krakow POL"]
[Date "2012.05.03"]
[Round "5.11"]
[White "Kosturkiewicz,J"]
[Black "Byrka,J"]
[Result "1-0"]
[WhiteElo "2012"]
[BlackElo "1959"]

1.e4 c5 2.Nf3 Nc6 3.d4 cxd4 4.Nxd4 Nf6 5.Nc3 d6 6.Bg5 e6 7.Qd2 a6 8.O-O-O Be7
9.f4 Nxd4 10.Qxd4 b5 11.e5 dxe5 12.Qxd8+ Bxd8 13.fxe5 Nd7 14.Bxd8 Kxd8 15.Be2 Bb7
16.Rhf1 Rf8 17.Bf3 Bxf3 18.Rxf3 Ke7 19.Re3 Rac8 20.Rd6 Nxe5 21.Rxa6 Nc4 22.Ra7+ Kd6
23.Nxb5+ Kc5 24.Rb3 Rfd8 25.Nc3 Nd6 26.Na4+ Kd4 27.Rd3+ Ke5 28.Ra5+ Kf6 29.Rf3+ Kg6
30.Nc3 Rc6 31.Ra4 f5 32.Rg3+ Kf6 33.Ra7 Ne8 34.Rd3 Rxd3 35.cxd3 Nd6 36.a4 Nf7
37.Kc2 Ne5 38.d4 Nc4 39.g3 h5 40.b4 g5 41.b5 Rc8 42.Ra6 Ke7 43.a5 f4 44.Ra7+ Kf6
45.b6 f3 46.Rc7 Rxc7 47.bxc7 Nd6 48.Ne4+ Kg7 49.Nxd6 f2 50.c8=Q f1=Q 51.Qd7+ Kf8
52.Qe8+ Kg7 53.Qf7+  1-0

[Event "MMM Open 2012"]
[Site "Krakow POL"]
[Date "2012.05.05"]
[Round "8.7"]
[White "Kosturkiewicz,J"]
[Black "Watorek,M"]
[Result "1/2-1/2"]
[WhiteElo "2012"]
[BlackElo "2178"]

1.e4 c5 2.Nf3 d6 3.d4 cxd4 4.Nxd4 Nf6 5.Nc3 Nc6 6.Bg5 e6 7.Qd2 a6 8.O-O-O Bd7
9.f4 b5 10.Qe1 Qc7 11.Bxf6 gxf6 12.Nxc6 Bxc6 13.Bd3 b4 14.Nd5 Bxd5 15.exd5 e5
16.Qxb4 Bh6 17.g3 Ke7 18.Rhe1 Rab8 19.Qa3 Rb6 20.Re4 Rhb8 21.b3 Bg7 22.Rc4 Qd7
23.Qa4 Rb5 24.Rc3 f5 25.Bxb5 axb5 26.Qa5 Rb7 27.Rc6 e4 28.Kb1 b4 29.a4 bxa3
30.Qxa3 Ra7 31.Ra6 Rxa6 32.Qxa6 Qc7 33.c4 Qc5 34.Qb7+ Kf8 35.Qb8+ Ke7 36.Qb7+ Kf8
37.Qb8+ Ke7 38.Qb7+ Kf8  1/2-1/2

[Event "FSGM May 2012"]
[Site "Budapest HUN"]
[Date "2012.05.09"]
[Round "5"]
[White "Bagi,M"]
[Black "Wittmann,W"]
[Result "1/2-1/2"]
[WhiteElo "2335"]
[BlackElo "2276"]

1.e4 c5 2.Nf3 Nc6 3.d4 cxd4 4.Nxd4 Nf6 5.Nc3 d6 6.Bg5 e6 7.Qd2 Be7 8.O-O-O Nxd4
9.Qxd4 O-O 10.f4 h6 11.h4 Qa5 12.Kb1 Rd8 13.Bd3 Kf8 14.Qe3 d5 15.exd5 exd5
16.Nb5 Bd7 17.Nd4 Re8 18.Qf3 Qb6 19.Bxf6 Bxf6 20.c3 Rac8 21.Ka1 Ba4  1/2-1/2

[Event "42nd Bosna Open B"]
[Site "Sarajevo BIH"]
[Date "2012.05.11"]
[Round "9.5"]
[White "Cosovic,Azi"]
[Black "Draganic,V"]
[Result "0-1"]
[WhiteElo "1990"]
[BlackElo "2274"]

1.e4 c5 2.Nf3 Nc6 3.d4 cxd4 4.Nxd4 Nf6 5.Nc3 d6 6.Bg5 e6 7.Nxc6 bxc6 8.Qf3 Be7
9.Bc4 O-O 10.O-O h6 11.Bh4 e5 12.Rfd1 Bg4 13.Bxf6 Bxf3 14.Bxe7 Qxe7 15.gxf3 Kh8
16.Ne2 f5 17.Ng3 fxe4 18.fxe4 d5 19.exd5 Qc5 20.Bb3 Qxf2+ 21.Kh1 Qf3+ 22.Kg1 Qe3+
23.Kh1 Rad8 24.Rd3 Qc5 25.Rc3 Qf2 26.Rf1 Qd2 27.dxc6 Rxf1+ 28.Nxf1 Qf2 29.Bc4 Rc8
30.Bd3 Rxc6 31.Rxc6 Qf3+ 32.Kg1 Qxc6 33.Ng3 Qb6+ 34.Kf1 Qxb2 35.a4 Qa1+ 36.Ke2 Qxa4
37.Ne4 g5 38.Kf3 a5 39.Kg4 Qd7+ 40.Kh5 Kg7 41.h4 Qh3  0-1

[Event "30th Liechtenstein Open 2012"]
[Site "Triesen LIE"]
[Date "2012.05.15"]
[Round "5.13"]
[White "Dittmar,P"]
[Black "Peredy,F"]
[Result "1/2-1/2"]
[WhiteElo "2297"]
[BlackElo "2156"]

1.e4 c5 2.Nf3 d6 3.d4 cxd4 4.Nxd4 Nf6 5.Nc3 Nc6 6.Bg5 e6 7.Qd2 a6 8.O-O-O Bd7
9.f3 Be7 10.Kb1 Qc7 11.h4 h6 12.Be3 h5 13.Nxc6 Bxc6 14.Bg5 O-O-O 15.Ne2 Kb8
16.c4 b6 17.Rc1 Bb7 18.Nc3 Rc8 19.Be2 Qc6 20.Rhd1 Rhd8  1/2-1/2

[Event "21st CRO-Cup"]
[Site "Sibenik CRO"]
[Date "2012.05.18"]
[Round "4.13"]
[White "Bender,I"]
[Black "Jankovic,A"]
[Result "1/2-1/2"]
[WhiteElo "2257"]
[BlackElo "2564"]

1.e4 c5 2.Nf3 Nc6 3.d4 cxd4 4.Nxd4 Nf6 5.Nc3 d6 6.Bg5 e6 7.Qd2 a6 8.O-O-O Bd7
9.f3 Be7 10.Be3 O-O 11.g4 Nxd4 12.Bxd4 Bc6 13.Kb1 b5 14.g5 Nd7 15.Be3 b4
16.Ne2 d5 17.Rg1 dxe4 18.Nd4 Bb7 19.fxe4 Nc5 20.Bd3 Nxe4 21.Qe1 Nc5 22.Bxh7+ Kxh7
23.Qh4+ Kg8 24.Rg3 Be4 25.Rdg1 Bg6 26.Nc6 Qc7 27.Nxe7+ Qxe7 28.Rh3 f5 29.gxf6 Qxf6
30.Qxf6 Rxf6 31.Bxc5 Bxc2+ 32.Kxc2 Rc8 33.Rg5 Rf5 34.Rxf5 exf5 35.Kb3 Rxc5
36.Kxb4 Rc2 37.Kb3 Rf2 38.Kc3 g5 39.Rg3 g4 40.h3 Rf4 41.hxg4 fxg4 42.Kd3 Kf7
43.Ke3 Rb4 44.b3 Kf6 45.Rg2 Kg5 46.Rc2 Kh4 47.Kf2 Kh3 48.Kg1 Rd4 49.Rh2+ Kg3
50.Rg2+ Kf4 51.Rf2+ Ke3 52.a4 Rb4 53.Rf6 Rxb3 54.Kg2 a5 55.Rf5 Rb4 56.Rxa5 Kf4
57.Rb5 Rxa4 58.Rb2 g3 59.Rc2 Kg4  1/2-1/2

[Event "Coupe de France 2012"]
[Site "Bois-Colombes FRA"]
[Date "2012.05.19"]
[Round "1"]
[White "Fedorchuk,S"]
[Black "Guilleux,F"]
[Result "1/2-1/2"]
[WhiteElo "2634"]
[BlackElo "2442"]

1.e4 c5 2.Nf3 d6 3.d4 Nf6 4.Nc3 cxd4 5.Nxd4 Nc6 6.Bg5 e6 7.Qd2 a6 8.O-O-O Bd7
9.f3 Qa5 10.Be3 b5 11.Nxc6 Bxc6 12.Kb1 Rc8 13.Bd3 Be7 14.h4 b4 15.Ne2 d5
16.e5 Nd7 17.f4 Bb5 18.Nd4 Bc4 19.Bxc4 Rxc4 20.f5 Nc5 21.Qe2 Ne4 22.fxe6 O-O
23.exf7+ Rxf7 24.Nb3 Qc7 25.e6 Rf6 26.Qd3 Nf2 27.Bxf2 Rxf2 28.Rd2 Qf4 29.g3 Qf3
30.Qxf3 Rxf3 31.Rxd5 Rxg3 32.a4 bxa3 33.Rd7 Bf6 34.Rf1 Re3 35.Rd6 axb2 36.Rxa6 h5
37.Rd1 Rce4 38.Nc5 Re1 39.Rd6 Re5 40.Nd7 Rxd1+ 41.Rxd1 Rxe6 42.Nxf6+ Rxf6
43.Kxb2 Rf4 44.Rh1 Kf7 45.Kb3 Ke6 46.c4 Kd6 47.Kb4 Kc6 48.Rh2 Rg4 49.Rh1 Rf4  1/2-1/2

[Event "Serbia Cup Final 2012"]
[Site "Kragujevac SRB"]
[Date "2012.05.19"]
[Round "6"]
[White "Pap,M"]
[Black "Arsovic,Z"]
[Result "1-0"]
[WhiteElo "2504"]
[BlackElo "2455"]

1.e4 c5 2.Nf3 d6 3.d4 cxd4 4.Nxd4 Nf6 5.Nc3 Nc6 6.Bg5 e6 7.Qd2 Qb6 8.Bxf6 gxf6
9.Nb3 Bd7 10.O-O-O O-O-O 11.f4 Be7 12.Be2 h5 13.Rhf1 Rdg8 14.g3 Na5 15.Kb1 Nxb3
16.axb3 Kb8 17.f5 Qc5 18.Rf4 h4 19.g4 h3 20.Rf3 Qe5 21.Rg3 Bc6 22.Qd3 Rc8
23.Rxh3 b5 24.b4 a6 25.Rxh8 Rxh8 26.h3 Qh2 27.Bf1 Bb7 28.Qd4 Rc8 29.Rd2 Qg3
30.Rd3 Qf4 31.Rd1 Qf3 32.Re1 Qf4 33.Rd1 Qf3 34.Ka2 Qg3 35.Rd2 Qf4 36.Rf2 Qg3
37.Rd2 Qf4 38.Be2 Qg3 39.Rd3 Qg2 40.Re3 Qf2 41.Rd3 Qg2 42.Qe3 Qh1 43.Qg3 Qc1
44.Rxd6 Rxc3 45.Rd8+ Ka7 46.Qb8+ Kb6 47.Rd7 Ra3+ 48.Kxa3 Qa1+ 49.Kb3 Qa4+
50.Kc3 Qxb4+ 51.Kd3 Qxe4+ 52.Kd2 Bb4+ 53.c3 Bxc3+ 54.bxc3  1-0

[Event "TCh-HUN 2011-12"]
[Site "Decs HUN"]
[Date "2012.05.20"]
[Round "11"]
[White "Kerek,K"]
[Black "Pataki,G"]
[Result "1/2-1/2"]
[WhiteElo "2300"]
[BlackElo "2354"]

1.e4 c5 2.Nf3 Nc6 3.d4 cxd4 4.Nxd4 Nf6 5.Nc3 d6 6.Bg5 e6 7.Qd2 Be7 8.O-O-O Nxd4
9.Qxd4 a6 10.f3 b5 11.Be3 h5  1/2-1/2

[Event "TCh-HUN 2011-12"]
[Site "Paks HUN"]
[Date "2012.05.20"]
[Round "11"]
[White "Meszaros,T"]
[Black "Nevednichy,V"]
[Result "1-0"]
[WhiteElo "2460"]
[BlackElo "2540"]

1.e4 c5 2.Nf3 d6 3.d4 cxd4 4.Nxd4 Nf6 5.Nc3 Nc6 6.Bg5 e6 7.Qd2 a6 8.O-O-O Bd7
9.f3 Be7 10.h4 h6 11.Be3 h5 12.Bg5 Qc7 13.Kb1 Rb8 14.Qe1 Nxd4 15.Rxd4 b5
16.f4 b4 17.Nd1 Qb6 18.Qd2 Bc6 19.Bxf6 Bxf6 20.Rxd6 Be7 21.Ne3 O-O 22.Nc4 Qc5
23.Rxc6 Qxc6 24.Bd3 Qc5 25.Qe2 g6 26.g4 Kg7 27.f5 exf5 28.gxf5 gxf5 29.e5 Rg8
30.Qxh5 Kf8 31.Rf1 Qd5 32.Qxf5 Rd8 33.Ne3  1-0